000 00594nam a2200229 a 4500
001 23306
003 CO-ViMGA
008 141112s2004 ck r 000 u spa d
020 _a9789580222732
040 _aCO-ViMGA
_bspa
_cCO-ViMGA
082 0 4 _a744 D354d
100 1 _aDelgado, German
_933587
245 1 0 _aDibujo y sus aplicaciones
260 _aColombia :
_bArtelandia
300 _a4 Vol
650 1 4 _aDIBUJO
_949339
650 1 4 _aDIBUJO - ENSEƑANZA
_9587
650 1 4 _aDIBUJO GEOMETRICA
_933588
650 1 4 _aDIBUJO TECNICO
650 1 4 _aLINEA (ARTE)
_933589
942 _2ddc
_cBK
999 _c31528
_d31528